[Event "Reykjavik op"]
[Site "Reykjavik"]
[Date "2013.02.26"]
[Round "9"]
[White "Ghaderi, Arman K"]
[Black "Mihajlov, Svetoslav"]
[Result "0-1"]
[WhiteElo "1827"]
[BlackElo "2071"]
[PlyCount "100"]
[EventDate "2013.02.19"]
[EventType "swiss"]
[EventRounds "10"]
[EventCountry "ISL"]
[SourceTitle "CBM 153 Extra"]
[Source "ChessBase"]
[SourceDate "2013.04.22"]
[SourceVersion "1"]
[SourceVersionDate "2013.04.22"]
[SourceQuality "1"]

1. e4 e5 2. Nf3 Nc6 3. Nc3 Nf6 4. d4 exd4 5. Nxd4 Bb4 6. Nxc6 bxc6 7. Bd3 d5 8. exd5 cxd5 9. 0-0 0-0 10. Bg5 c6 11. Qf3 h6 12. Bxf6 Qxf6 13. Qxf6 gxf6 14. Ne2 Bd6 15. Nd4 c5 16. Nf5 Bxf5 17. Bxf5 Rfe8 18. Rad1 Re5 19. Bd7 Rb8 20. b3 Rd8 21. Bb5 Bc7 22. g3 Ba5 23. Rd3 Rd6 24. Rfd1 Rb6 25. Bd7 d4 26. Bg4 Bc3 27. Rb1 c4 28. Rdd1 Ra5 29. a4 d3 30. cxd3 cxb3 31. Rdc1 Rc5 32. d4 Bxd4 33. Rxc5 Bxc5 34. Kf1 b2 35. Ke2 Rb4 36. f3 Rb3 37. Bf5 Bd4 38. f4 Ra3 39. Bc2 a5 40. Kd2 Be3+ 41. Ke2 Bc1 42. Kf2 Kf8 43. Ke2 Ke7 44. Kd1 Kd6 45. Rxc1 bxc1Q+ 46. Kxc1 Ra1+ 47. Kb2 Rh1 48. Bb3 Rxh2+ 49. Kc3 Kc5 50. Bxf7 Rh3 0-1

[Event "Reykjavik op"]
[Site "Reykjavik"]
[Date "2013.02.21"]
[Round "4"]
[White "Mihajlov, Sebastian"]
[Black "Ghaderi, Arman K"]
[Result "1-0"]
[WhiteElo "2059"]
[BlackElo "1827"]
[PlyCount "74"]
[EventDate "2013.02.19"]
[EventType "swiss"]
[EventRounds "10"]
[EventCountry "ISL"]
[SourceTitle "CBM 153 Extra"]
[Source "ChessBase"]
[SourceDate "2013.04.22"]
[SourceVersion "1"]
[SourceVersionDate "2013.04.22"]
[SourceQuality "1"]

1. d4 d5 2. c4 e6 3. Nc3 Be7 4. Bf4 Nf6 5. e3 0-0 6. Bd3 Nbd7 7. Nge2 Nh5 8. cxd5 Nxf4 9. Nxf4 exd5 10. Ncxd5 Bd6 11. Qf3 c6 12. Nc3 Nf6 13. h3 Re8 14. 0-0 Qc7 15. Nfe2 Be6 16. a3 Rad8 17. b4 b6 18. Rac1 Qd7 19. Rfd1 a5 20. Rb1 axb4 21. axb4 Qc7 22. Rdc1 Nd5 23. Nxd5 Bxd5 24. e4 Ba2 25. Rb2 Be6 26. e5 Bf8 27. Rxc6 Qa7 28. Be4 b5 29. Rbc2 Bc4 30. R6xc4 bxc4 31. Bc6 Re6 32. Rxc4 Qb6 33. b5 Re7 34. Nc3 Qa5 35. Ra4 Qb6 36. Nd5 Rxd5 37. Qxd5 Rc7 1-0

[Event "Harstad op"]
[Site "Harstad"]
[Date "2011.10.07"]
[Round "5"]
[White "Ghaderi, Arman K"]
[Black "Hansen, Olaf"]
[Result "1/2-1/2"]
[WhiteElo "1391"]
[BlackElo "2073"]
[PlyCount "53"]
[EventDate "2011.10.05"]
[EventType "swiss"]
[EventRounds "6"]
[EventCountry "NOR"]
[SourceTitle "EXT 2012"]
[Source "ChessBase"]
[SourceDate "2011.11.24"]
[SourceVersion "1"]
[SourceVersionDate "2011.11.24"]
[SourceQuality "1"]

1. e4 d5 2. exd5 Nf6 3. Nc3 Nxd5 4. Nxd5 Qxd5 5. Nf3 Bg4 6. Be2 Nc6 7. 0-0 e6 8. d4 Be7 9. c3 0-0 10. Bf4 Bd6 11. Bxd6 Qxd6 12. Re1 Ne7 13. Ne5 Bxe2 14. Qxe2 Nc6 15. Rad1 Nxe5 16. dxe5 Qe7 17. Rd4 Rad8 18. Red1 Rxd4 19. Rxd4 Rd8 20. Qd2 Rxd4 21. Qxd4 b6 22. g3 c5 23. Qd3 g6 24. f4 h5 25. h4 Kg7 26. Kf2 Qb7 27. Qd8 1/2-1/2

[Event "Goch op 22nd"]
[Site "Goch"]
[Date "2011.10.01"]
[Round "4"]
[White "Gail, Edgar"]
[Black "Ghaderi, Arman K"]
[Result "0-1"]
[WhiteElo "1852"]
[BlackElo "1391"]
[PlyCount "92"]
[EventDate "2011.09.29"]
[EventType "swiss"]
[EventRounds "7"]
[EventCountry "GER"]
[SourceTitle "EXT 2014"]
[Source "ChessBase"]
[SourceDate "2013.11.20"]
[SourceVersion "1"]
[SourceVersionDate "2013.11.20"]
[SourceQuality "1"]

1. e4 c5 2. Nf3 d6 3. d4 cxd4 4. Nxd4 Nf6 5. Nc3 g6 6. Be3 Bg7 7. f3 0-0 8. Qd2 Nc6 9. 0-0-0 Nxd4 10. Bxd4 Be6 11. g4 Qa5 12. h4 Rfc8 13. a3 Rab8 14. h5 b5 15. hxg6 hxg6 16. g5 Nh5 17. Bxg7 Kxg7 18. Nd5 Qxd2+ 19. Rxd2 Bxd5 20. Rxd5 a6 21. a4 Nf4 22. Rd4 Rc5 23. axb5 axb5 24. Rb4 Rxg5 25. Kd2 Ne6 26. Ke3 Rc5 27. c3 Nc7 28. f4 f5 29. exf5 Nd5+ 30. Kd4 Nxb4 31. cxb4 Rxf5 32. Ke3 Rb7 33. Bd3 Rf6 34. Rg1 e6 35. Rg5 d5 36. Rg4 Ra7 37. Bxb5 Rb7 38. Ba4 Rxb4 39. b3 e5 40. fxe5 Rxg4 41. exf6+ Kxf6 42. Kf3 Rb4 43. Ke3 Ke5 44. Kd3 d4 45. Be8 Rxb3+ 46. Kc2 Rg3 0-1

[Event "Goch op 22nd"]
[Site "Goch"]
[Date "2011.10.01"]
[Round "5"]
[White "Ghaderi, Arman K"]
[Black "Biessner, Eberhard"]
[Result "1-0"]
[WhiteElo "1391"]
[BlackElo "1982"]
[PlyCount "101"]
[EventDate "2011.09.29"]
[EventType "swiss"]
[EventRounds "7"]
[EventCountry "GER"]
[SourceTitle "EXT 2014"]
[Source "ChessBase"]
[SourceDate "2013.11.20"]
[SourceVersion "1"]
[SourceVersionDate "2013.11.20"]
[SourceQuality "1"]

1. e4 Nf6 2. Nc3 d5 3. exd5 Nxd5 4. Nxd5 Qxd5 5. Nf3 Nc6 6. Be2 Bg4 7. 0-0 e6 8. c3 Be7 9. d4 0-0 10. Re1 Rad8 11. Bf4 Rd7 12. Ne5 Bxe2 13. Qxe2 Nxe5 14. Bxe5 Re8 15. Qg4 f6 16. Bg3 Bd6 17. Bxd6 cxd6 18. Re3 Rde7 19. h3 e5 20. dxe5 dxe5 21. c4 Qf7 22. b3 h5 23. Qe2 g5 24. Rd1 Qg6 25. Rd6 Rg7 26. Qd3 Qf7 27. Qf5 Rf8 28. Rf3 g4 29. hxg4 hxg4 30. Rg3 Qg6 31. Qxg6 Rxg6 32. f3 Rf7 33. Rxg4 Rxg4 34. fxg4 Kg7 35. Kf2 Kg6 36. Kf3 Kg5 37. c5 Re7 38. b4 Rc7 39. a4 a6 40. Rb6 Rd7 41. Rd6 Rc7 42. Ke4 b5 43. a5 Ra7 44. Kd5 Re7 45. Ke4 Ra7 46. c6 Rc7 47. Kd5 Rc8 48. Ke6 e4 49. Kd7 Rf8 50. c7 Rf7+ 51. Kc6 1-0

[Event "Goch op 22nd"]
[Site "Goch"]
[Date "2011.09.30"]
[Round "3"]
[White "Ghaderi, Arman K"]
[Black "Bons, Jasper"]
[Result "0-1"]
[WhiteElo "1391"]
[BlackElo "1993"]
[PlyCount "134"]
[EventDate "2011.09.29"]
[EventType "swiss"]
[EventRounds "7"]
[EventCountry "GER"]
[SourceTitle "EXT 2014"]
[Source "ChessBase"]
[SourceDate "2013.11.20"]
[SourceVersion "1"]
[SourceVersionDate "2013.11.20"]
[SourceQuality "1"]

1. e4 c5 2. Nf3 e6 3. d4 cxd4 4. Nxd4 Nc6 5. Nb5 a6 6. Nd6+ Bxd6 7. Qxd6 Qe7 8. Qxe7+ Ngxe7 9. c4 Nd4 10. Bd3 Nec6 11. Be3 d6 12. 0-0 0-0 13. Nc3 e5 14. Rad1 f5 15. Nd5 f4 16. Bxd4 Nxd4 17. Nb6 Rb8 18. f3 Be6 19. b3 Rf7 20. Rd2 Rc7 21. g3 fxg3 22. hxg3 Rc6 23. Nd5 Bxd5 24. exd5 Rc7 25. f4 Rf7 26. fxe5 Rxf1+ 27. Kxf1 Nf3 28. Rf2 Nxe5 29. Bf5 g6 30. Be6+ Kg7 31. Kg2 b6 32. g4 h6 33. Kg3 Rf8 34. Rxf8 Kxf8 35. a3 a5 36. Kf4 Nd3+ 37. Ke3 Nc5 38. Bc8 Nxb3 39. Bd7 Nc5 40. Bc6 Ke7 41. a4 Kf6 42. Be8 Kg5 43. Kf3 Nd3 44. Kg3 Ne5 45. Kh3 Nxc4 46. Bd7 Ne5 47. Be6 Nd3 48. Bd7 Nf4+ 49. Kg3 Nxd5 50. Bc6 Nf6 51. Bf3 Nd7 52. Bd1 Ne5 53. Be2 h5 54. gxh5 gxh5 55. Bd1 h4+ 56. Kh3 Nd3 57. Kg2 Kf4 58. Bc2 Ne1+ 59. Kh3 Nxc2 60. Kxh4 d5 61. Kh3 Kf3 62. Kh2 d4 63. Kg1 d3 64. Kh2 d2 65. Kh3 d1Q 66. Kh4 Kf4 67. Kh3 Qh1# 0-1

[Event "Oslo Bockman op"]
[Site "Oslo"]
[Date "2011.04.08"]
[Round "4"]
[White "Paulshus, Anders"]
[Black "Ghaderi, Arman K"]
[Result "1/2-1/2"]
[WhiteElo "1328"]
[BlackElo "1175"]
[PlyCount "120"]
[EventDate "2011.04.08"]
[EventType "swiss"]
[EventRounds "5"]
[EventCountry "NOR"]
[SourceTitle "CBM 142 Extra"]
[Source "ChessBase"]
[SourceDate "2011.06.27"]
[SourceVersion "1"]
[SourceVersionDate "2011.06.27"]
[SourceQuality "1"]

1. f4 d5 2. Nf3 Nf6 3. e3 Bf5 4. b3 g6 5. Bb2 Bg7 6. Nd4 Bg4 7. Be2 Bxe2 8. Qxe2 c5 9. Qb5+ Nbd7 10. Nf3 b6 11. Ne5 a6 12. Qe2 0-0 13. d3 Qc7 14. Nd2 d4 15. exd4 cxd4 16. Ndf3 Nd5 17. Bxd4 Nxf4 18. Qe4 Nxe5 19. Bxe5 Bxe5 20. Nxe5 Qc3+ 21. Kf2 Qxc2+ 22. Kg3 Nh5+ 23. Kh3 f6 24. Rac1 Qd2 25. Ng4 Qxd3+ 26. Qxd3 Nf4+ 27. Kg3 Nxd3 28. Rcd1 Nc5 29. Rhe1 Kf7 30. b4 Na4 31. Rd7 Rfe8 32. Ne3 Red8 33. Rc7 Rd3 34. Kf2 Rd2+ 35. Kf3 Nb2 36. Nc4 Nxc4 37. Rexe7+ Kf8 38. Rxh7 Ne5+ 39. Ke3 Rd7 40. Rh8+ Kg7 41. Rxa8 Rxc7 42. Rxa6 Rb7 43. Ke4 Ng4 44. h3 Ne5 45. a4 Nc6 46. a5 Nxb4 47. Rxb6 Rxb6 48. axb6 Kh6 49. b7 Na6 50. Kf4 Kh5 51. g3 Nb8 52. Ke4 Kg5 53. Kf3 Kf5 54. Ke3 Ke5 55. g4 g5 56. Kf3 Kd5 57. Kg3 Kc6 58. h4 Kd6 59. h5 Ke6 60. Kf3 f5 1/2-1/2